| 000 | 00353nam a2200145Ia 4500 | ||
|---|---|---|---|
| 008 | 240624s9999 xx 000 0 und d | ||
| 041 | _aeng | ||
| 082 | _a004.6 STA | ||
| 100 | _aSTALLINGS WILLIAM | ||
| 245 | _aBUSINESS DATA COMMUNICATIONS | ||
| 250 | _a(4th ed.) | ||
| 260 |
_c2002 _aNew Delhi _bPearson Education |
||
| 300 | _axxii, : 659 | ||
| 365 | _cRS | ||
| 999 |
_c155 _d155 |
||